00265nam a2200097Ia 4500008004100000100004200041245003000083260003200113300000800145650001400153190216s9999||||xx |||||||||||||| ||und|| aChummar Choondal & Jacob Vellian 0aMaargomkali Aattaprakaram bHadusa Publishersc1986 a34p aKavithkal